| 000 | 00499nam a2200181Ia 4500 | ||
|---|---|---|---|
| 003 | GBCCL | ||
| 005 | 20241126110334.0 | ||
| 008 | 161012b xxu||||| |||| 00| 0 eng d | ||
| 040 | _cGBC | ||
| 082 |
_a177 _bCOM |
||
| 100 |
_aComposta, Dario _9167 |
||
| 245 |
_aMoral Philosophy and Social Ethics / _cDario Composta |
||
| 260 |
_bTheological Publication in India, _aBangalore: _cc1988 |
||
| 300 |
_a222p. _c21cm. |
||
| 650 | 0 |
_aPhilosophy - Moral _9170 |
|
| 650 | 0 |
_aSocial Ethics _9171 |
|
| 942 |
_2ddc _cBK |
||
| 999 |
_c271 _d271 |
||